00351pab a2200133 454500008004000000100002300040245005000063260000900113300001500122362000800137650002500145700002400170773002300194180718b2012 xxu||||| |||| 00| 0 eng d aBradley, Curits A. aHistorical gloss and the separation of powers c2012 ap.412-485. aDec aSeperation of powers aMorrison, Trevor W. aHarvard Law Review